000 00278nam a22001217a 4500
020 _a0-7166-0080-3
082 _a030 WOR'W
100 _aWORLD BANK
_919601
245 _aTHE WORLD BOOK ENCYCLOPEDIA B VOL 2
260 _aUSA
_bWORLD BANK
_c1980
300 _a640P
942 _cBK
999 _c581150
_d581150